000 00283nam a2200121 a 4500
001 000005382
005 20200929151648.0
008 090819s2008 dr 000 0 spa d
020 _a9789945406658
245 0 _aMiguel Strogoff.
260 _aSanto Domingo,
_c2008.
999 _c5182
_d5182
040 _aDO-SdBNP